| 000 | 00607nam a2200229Ia 4500 | ||
|---|---|---|---|
| 001 | 357 | ||
| 005 | 20240113233411.0 | ||
| 007 | ta | ||
| 008 | 050111s1905 g b000 u eng u | ||
| 040 | _aRef stack | ||
| 041 | _aeng | ||
| 082 |
_a491.303 _bRa 168 En |
||
| 100 | _aRanking, George S. A. . | ||
| 245 | 0 |
_aEnglish hindustani dictionary / _cGeorge S. A. Ranking. _hTextual Documents |
|
| 250 | _a1st ed / | ||
| 260 |
_aCalcutta : _bThacker,spink & co , _c1905. |
||
| 300 |
_a758p. ; _c21cm. |
||
| 653 | _aEnglish hindustani dictionary | ||
| 942 |
_2ddc _cBK |
||
| 999 |
_c356 _d356 |
||